|
|
|
|
| LEADER |
00998nam a2200277 a 4500 |
| 001 |
AAL1010 |
| 003 |
BD-DhAAL |
| 005 |
20160210171528.0 |
| 008 |
150205s1998 dcua b 000 0 eng |
| 010 |
|
|
|a 98019637
|
| 020 |
|
|
|a 1557756805 (pbk.)
|
| 040 |
|
|
|a DLC
|c DLC
|d DLC
|d BD-DhAAL
|
| 050 |
0 |
0 |
|a HC79.P63
|b S64 1998
|
| 082 |
0 |
0 |
|a 339.5
|2 21
|
| 999 |
|
|
|c 33589
|d 33589
|
| 999 |
|
|
|c 33589
|
| 245 |
0 |
0 |
|a Social safety nets :
|b issues and recent experiences /
|c editors Ke-young Chu and Sanjeev Gupta.
|
| 260 |
|
|
|a Washington, D.C. :
|b International Monetary Fund,
|c 1998.
|
| 300 |
|
|
|a x, 260 p. :
|b ill. ;
|c 23 cm.
|
| 504 |
|
|
|a Includes bibliographical references.
|
| 541 |
|
|
|e 1010
|
| 650 |
|
0 |
|a Structural adjustment (Economic policy)
|x Social aspects.
|9 7979
|
| 700 |
1 |
|
|a Chu, Ke-young,
|d 1941-
|9 7980
|
| 700 |
1 |
|
|a Gupta, Sanjeev.
|9 7981
|
| 942 |
|
|
|2 ddc
|c BK
|
| 952 |
|
|
|0 0
|1 0
|2 ddc
|4 0
|6 339_500000000000000_SOC
|7 0
|9 52483
|a SCL
|b SCL
|c GEN
|d 2015-02-05
|l 0
|o 339.5 SOC
|p 3020001010
|r 2015-02-05
|t 1
|w 2015-02-05
|y BK
|